Inselstaaten-Springen - Statistiken

Allgemein
  • Dieses Quiz wurde 44 mal gespielt
  • Das Durchschnittsergebnis liegt bei 27 aus 47
Antworten auf der Karte
Die Antworten werden auf der Karte rot bzw. grün angezeigt, abhängig davon wie oft sie richtig erraten wurden.
 
Antwortstatistiken
Hint Antwort % Korrekt
Startland Island
100%
0 km Irland
97%
784 km Vereinigtes Königreich
97%
2621 km Malta
91%
1728 km Zypern
89%
1921 km Bahrain
63%
1500 km Indonesien
63%
3150 km Malediven
63%
0 km (längere Grenze) Papua-Neuguinea
63%
725 km Sri Lanka
63%
750 km Fidschi
60%
580 km Föderierte Staaten von Mikronesien
60%
340 km Kiribati
60%
600 km Marshallinseln
60%
300 km Nauru
60%
400 km Palau
60%
900 km Samoa
60%
360 km Tonga
60%
1050 km Tuvalu
60%
150 km Vanuatu
60%
115 km Japan
57%
840 km Philippinen
57%
2.5 km Salomonen
57%
100 km Taiwan
57%
600 km Dominikanische Republik
51%
0 km Haiti
51%
85 km Kuba
51%
55 km Bahamas
49%
3680 km Barbados
49%
440 km Dominica
49%
10 km Grenada
49%
440 km Jamaika
49%
3660 km Kap Verde
49%
900 km Madagaskar
49%
9850 km Mauritius
49%
5550 km Neuseeland
49%
4200 km São Tomé und Príncipe
49%
70 km St. Kitts und Nevis
49%
150 km St. Lucia
49%
40 km St. Vincent und die Grenadinen
49%
150 km Antigua und Barbuda
46%
2300 km Brunei
46%
350 km Komoren
46%
2530 km Osttimor
46%
250 km Seychellen
46%
1170 km Singapur
46%
130 km Trinidad und Tobago
46%
Keine übereinstimmenden Quizze gefunden
Verteilung der Resultate
Anzahl Personen mit jedem Resultat
Perzentil nach korrekt beantworteten Fragen
Ihre Resultats-Entwicklung
Sie haben dieses Quiz noch nicht gespielt